Cách điều khiển cuộc phỏng vấn ( Sách tham khảo nghiệp vụ )

Salvato in:
Dettagli Bibliografici
Autore principale: Kuznhesov, Makxim
Natura: Libro
Lingua:Undetermined
Pubblicazione: Hà Nội Thống Tấn 2003
Soggetti:
Tags: Aggiungi Tag
Nessun Tag, puoi essere il primo ad aggiungerne! !
Thư viện lưu trữ: Trung tâm Học liệu Trường Đại học Cần Thơ
LEADER 00647nam a2200193Ia 4500
001 CTU_58404
008 210402s9999 xx 000 0 und d
020 |b 22000 
082 |a 158.3 
082 |b K97 
100 |a Kuznhesov, Makxim 
245 0 |a Cách điều khiển cuộc phỏng vấn ( Sách tham khảo nghiệp vụ ) 
245 0 |c Makxim Kuznhesop và Irov Sykunov; Lê Tâm Hằng và Ngữ Phan biên dịch 
260 |a Hà Nội 
260 |b Thống Tấn 
260 |c 2003 
650 |a Psychology, applied,Interviewing 
904 |i Minh 
980 |a Trung tâm Học liệu Trường Đại học Cần Thơ